Návrh modelu finančno-ekonomickej analýzy vo vybranom malom alebo strednom podniku bakalárska práca

Gespeichert in:
Bibliographische Detailangaben
1. Verfasser: Ďuriš, Erik
Körperschaft: Fakulta podnikového manažmentu EU. Katedra podnikovohospodárska
Weitere Verfasser: Uhliar, Miroslav, 1981-
Format: Buch
Sprache:Slowakisch
Veröffentlicht: Bratislava 2018
Tags: Tag hinzufügen
Keine Tags, Fügen Sie das erste Tag hinzu!

MARC

LEADER 00000nbm a2200000 4500
001 0244924
005 20181009111501.6
041 0 |a slo 
044 |a SK 
245 1 0 |a Návrh modelu finančno-ekonomickej analýzy vo vybranom malom alebo strednom podniku  |b bakalárska práca  |c Erik Ďuriš ; školiteľ: Miroslav Uhliar 
264 1 |a Bratislava  |c 2018 
300 |a 67 s. 
100 1 |a Ďuriš, Erik 
700 1 |a Uhliar, Miroslav, 1981- 
710 2 |a Fakulta podnikového manažmentu EU. Katedra podnikovohospodárska